Design nemocničního stolku

Salvato in:
Dettagli Bibliografici
Autore principale: Zbudilová, Katarína (Autore)
Altri autori: Zvonek, Miroslav (Relatore della tesi)
Natura: Manoscritto Libro
Lingua:slovacco
Pubblicazione: Bratislava 2017
Soggetti:
Accesso online:http://is.stuba.sk/zp/portal_zp.pl?podrobnosti=128428
Tags: Aggiungi Tag
Nessun Tag, puoi essere il primo ad aggiungerne!!

MARC

LEADER 00000ntm a22000003a 4500
001 stuzp65413
003 SK-STU
005 20210212133801.7
007 ta
008 150427s2015----xo-----f-mn---000-0-slo-d
040 |a STU  |b slo 
041 0 |a slo 
100 1 |a Zbudilová, Katarína  |u 059190  |4 aut  |U FAD Fakulta architektúry  |T FA Ústav dizajnu  |X 62221  |U A9190  |Y 400  |7 62221 
242 0 1 |a Hospital bedside table design  |y eng 
245 1 0 |a Design nemocničního stolku 
260 |c 2017  |a Bratislava 
650 4 |a nemocničný nočný stolík  |2 slo 
650 4 |a zdravotnícke zariadenie  |2 slo 
650 4 |a úložný priestor  |2 slo 
650 4 |a odkladacia plocha  |2 slo 
650 4 |a medical facility  |2 eng 
650 4 |a hospital bedside table  |2 eng 
650 4 |a storage space  |2 eng 
650 4 |a shelf space  |2 eng 
700 1 |a Zvonek, Miroslav  |u 059190  |k Z1  |4 ths  |U FAD Fakulta architektúry  |T FA Ústav dizajnu  |X 71218  |U A9190  |Y 400  |7 A000071218 
856 4 |u http://is.stuba.sk/zp/portal_zp.pl?podrobnosti=128428  |u https://opac.crzp.sk/?fn=detailBiblioForm&sid=E7FF18FD4FFD5019DBF9E13CC38C